| 000 | 00679nam a2200205 a 4500 | ||
|---|---|---|---|
| 005 | 20210223125218.0 | ||
| 008 | 031105s1985 mx r 000 0 spa d | ||
| 020 | _a8425414199 | ||
| 035 | _aUPN01000130711 | ||
| 049 | _aCG | ||
| 050 | 4 |
_aRC512 _bB4.2 |
|
| 100 | 1 | _aBenoit, Jean-Claude | |
| 245 | 1 | 0 |
_aAngustia psicótica y sistema parental / _cJean-Claude Benoit ; presentación por Yves Pélicier ; tr. Diorki. |
| 260 |
_aBarcelona, Esp. : _bHerder, _c1985. |
||
| 300 | _a161 p. | ||
| 440 | 0 |
_aBiblioteca de psicología ; _v135 |
|
| 534 |
_pTítulo original: _tAngoisse psychotique et systéme parental |
||
| 650 | 4 |
_aPSICOSIS - _vESTUDIO DE CASOS _914794 |
|
| 905 | _aLibro | ||
| 999 |
_c102868 _d102868 |
||